| 000 | 00553nas a22001931 4500 | ||
|---|---|---|---|
| 001 | 0000009829 | ||
| 005 | 20151217160123.0 | ||
| 008 | 081201c xxur p 0 0eng d | ||
| 040 |
_aKABU _cKABU |
||
| 245 | 0 | 0 | _aBabybug. |
| 260 |
_aPeru, ILL : _bCarus, _c1994-. |
||
| 300 |
_av : _bill. |
||
| 500 | _aLibrary has: May/June 2005. | ||
| 650 | 0 | _xPeriodicals. | |
| 650 | 0 | _xPeriodicals. | |
| 852 | 1 | _9p375 KES | |
| 852 | 1 | _9p375 KES | |
| 908 | _a081201 | ||
| 999 |
_c14591 _d14591 |
||